Sports Quiz

Random Sports or NFL Quiz

NFL Touchdowns Week 16 2016 Season Quiz Stats

 Plays Quiz not verified by Sporcle

Challenge
Share
Tweet
Embed
Score 0/105 Timer 10:00
0 Plays Today
Game Name % Correct
Giants at EaglesEli Manning
92.9%
Falcons at PanthersMatt Ryan
92.9%
Falcons at PanthersCam Newton
88.8%
Vikings at PackersAaron Rodgers
88.8%
Vikings at PackersRichard Rodgers
88.8%
Buccaneers at SaintsJacquizz Rodgers
88.8%
Giants at EaglesCarson Wentz
87.8%
Dolphins at BillsTyrod Taylor
87.8%
Vikings at PackersJordy Nelson
87.8%
Titans at JaguarsBlake Bortles
87.8%
Colts at RaidersAndrew Luck
87.8%
Cardinals at SeahawksJ.J. Nelson
87.8%
Jets at PatriotsTom Brady
86.7%
Ravens at SteelersSteve Smith
86.7%
Broncos at ChiefsAlex Smith
86.7%
Chargers at BrownsPhilip Rivers
85.7%
Titans at JaguarsMarcus Mariota
85.7%
Colts at RaidersDerek Carr
85.7%
49ers at RamsJared Goff
85.7%
Cardinals at SeahawksCarson Palmer
85.7%
Cardinals at SeahawksRussell Wilson
85.7%
Redskins at BearsKirk Cousins
84.7%
Bengals at TexansAndy Dalton
84.7%
Lions at CowboysDak Prescott
84.7%
Redskins at BearsMack Brown
83.7%
49ers at RamsColin Kaepernick
83.7%
Buccaneers at SaintsJameis Winston
83.7%
Cardinals at SeahawksDavid Johnson
83.7%
Ravens at SteelersJoe Flacco
83.7%
Ravens at SteelersAntonio Brown
83.7%
Lions at CowboysEzekiel Elliott
83.7%
Buccaneers at SaintsDrew Brees
82.7%
Ravens at SteelersBen Roethlisberger
81.6%
Lions at CowboysMatthew Stafford
81.6%
Lions at CowboysDez Bryant
81.6%
Game Name % Correct
Dolphins at BillsMatt Moore
80.6%
Dolphins at BillsLeSean McCoy
80.6%
Vikings at PackersSam Bradford
80.6%
Cardinals at SeahawksDoug Baldwin
80.6%
Ravens at SteelersLe'Veon Bell
80.6%
Jets at PatriotsMartellus Bennett
78.6%
Jets at PatriotsLeGarrette Blount
78.6%
Falcons at PanthersTevin Coleman
77.6%
Giants at EaglesDarren Sproles
76.5%
Dolphins at BillsJay Ajayi
76.5%
Broncos at ChiefsTyreek Hill
76.5%
Chargers at BrownsIsaiah Crowell
75.5%
Titans at JaguarsRishard Matthews
75.5%
Falcons at PanthersKelvin Benjamin
74.5%
Dolphins at BillsSammy Watkins
74.5%
Redskins at BearsMatt Barkley
74.5%
49ers at RamsCarlos Hyde
74.5%
49ers at RamsTodd Gurley
74.5%
Broncos at ChiefsTravis Kelce
74.5%
Giants at EaglesSterling Shepard
72.4%
Chargers at BrownsTyrell Williams
72.4%
Jets at PatriotsJames White
72.4%
Buccaneers at SaintsMark Ingram
71.4%
Colts at RaidersDonte Moncrief
70.4%
Buccaneers at SaintsMike Evans
70.4%
Vikings at PackersDavante Adams
69.4%
Titans at JaguarsDelanie Walker
68.4%
Titans at JaguarsMarqise Lee
67.3%
Titans at JaguarsChris Ivory
66.3%
Dolphins at BillsCharles Clay
65.3%
Cardinals at SeahawksJimmy Graham
65.3%
Bengals at TexansBrandon LaFell
65.3%
Lions at CowboysZach Zenner
65.3%
Lions at CowboysJason Witten
65.3%
Chargers at BrownsAntonio Gates
64.3%
Game Name % Correct
Bengals at TexansAlfred Blue
64.3%
Vikings at PackersAdam Thielen
61.2%
Vikings at PackersStefon Diggs
61.2%
49ers at RamsTavon Austin
61.2%
Redskins at BearsChris Thompson
60.2%
Redskins at BearsDeonte Thompson
60.2%
Dolphins at BillsDeVante Parker
57.1%
Dolphins at BillsKenny Stills
56.1%
Redskins at BearsCameron Meredith
56.1%
Colts at RaidersDeAndre Washington
55.1%
Buccaneers at SaintsCameron Brate
55.1%
Giants at EaglesNelson Agholor
53.1%
Colts at RaidersJalen Richard
51%
Broncos at ChiefsJustin Forsett
50%
Cardinals at SeahawksJermaine Kearse
48%
Titans at JaguarsMatt Cassel
44.9%
Redskins at BearsJeremy Langford
42.9%
Lions at CowboysBrice Butler
40.8%
Giants at EaglesMalcolm Jenkins
36.7%
Colts at RaidersClive Walford
36.7%
Colts at RaidersRobert Turbin
36.7%
Broncos at ChiefsDontari Poe
36.7%
Falcons at PanthersJoshua Perkins
35.7%
Colts at RaidersAndre Holmes
35.7%
Broncos at ChiefsDemetrius Harris
35.7%
Dolphins at BillsKenyan Drake
29.6%
Buccaneers at SaintsTravaris Cadet
26.5%
49ers at RamsRod Streater
25.5%
Ravens at SteelersKyle Juszczyk
23.5%
Titans at JaguarsJalen Ramsey
21.4%
Ravens at SteelersXavier Grimble
20.4%
Jets at PatriotsMatt Lengel
18.4%
Cardinals at SeahawksPaul Richardson
16.3%
49ers at RamsTyler Higbee
10.2%
Falcons at PanthersD.J. Tialavea
8.2%

You're not logged in!

Compare scores with friends on all Sporcle quizzes.
OR
Log In

You Might Also Like...

Show Comments

Extras

Top Quizzes Today


Score Distribution

Your Account Isn't Verified!

In order to create a playlist on Sporcle, you need to verify the email address you used during registration. Go to your Sporcle Settings to finish the process.

Report this User

Report this user for behavior that violates our Community Guidelines.

Details: